01253nam a2200181Ia 4500001001300000003001000013008004100023040002500064041000700089100001700096245007000113250001100183260003000194300001200224500077500236650003901011700002101050b6520-46604 IT-MiCISF161014s9999||||xx |||||||||||||| ||und|| aIT-MiCISFcIT-MiCISF ait aAngel Sylvie 0aLa seconda chance in amorebQuando si ama non si è mai perdenti a1a ed. a RomabCastelvecchic2008 app. 282 a / coppia, conflitto, separazione, amore, rapporti-genitori-figli, case-studies / La fine di un amore lascia svuotati, affranti. Saremo in grado di aprirci a nuove esperienze? Avremo il coraggio di tornare a vivere? Forse, prima di dedicarci a un nuovo sentimento, dovremo affrontare i nostri fantasmi, e abbattere le barriere che abbiamo eretto per difenderci dal dolore. E soprattutto, dovremo imparare di nuovo a "volerci bene". La seconda chance in amore ci aiuta a conoscere questo vero e proprio processo di "guarigione", che non è immediato, perché implica l'abbandono di tutte le nostre false teorie sull'amore. Gli autori di questo libro hanno una convinzione molto chiara: vale sempre la pena di amare, perché «quando si ama, non si è mai perdenti».  a Relazione di coppia / coppiae002 aClerget Stephane